| 000 | 01458nam a2200289 a 4500 | ||
|---|---|---|---|
| 001 | ebr10041193 | ||
| 003 | CaPaEBR | ||
| 006 | m u | ||
| 007 | cr cn||||||||| | ||
| 008 | 980402s1998 dcua sb 001 0 eng | ||
| 010 | _z 98019665 | ||
| 020 | _z0309061261 (cloth) | ||
| 040 |
_aCaPaEBR _cCaPaEBR |
||
| 035 | _a(OCoLC)42328965 | ||
| 050 | 1 | 4 |
_aTP313 _b.C65 1998eb |
| 082 | 0 | 4 |
_a363.3/3 _221 |
| 245 | 0 | 0 |
_aContaining the threat from illegal bombings _h[electronic resource] : _ban integrated national strategy for marking, tagging, rendering inert, and licensing explosives and their precursors / _cCommittee on Marking, Rendering Inert, and Licensing of Explosive Materials, Board on Chemical Sciences and Technology, Commission on Physical Sciences, Mathematics, and Applications, National Research Council. |
| 260 |
_aWashington, D.C. : _bNational Academy Press, _c1998. |
||
| 300 |
_axii, 370 p. : _bill. |
||
| 504 | _aIncludes bibliographical references (p. 159-163) and index. | ||
| 533 |
_aElectronic reproduction. _bPalo Alto, Calif. : _cebrary, _d2013. _nAvailable via World Wide Web. _nAccess may be limited to ebrary affiliated libraries. |
||
| 650 | 0 | _aTaggants. | |
| 650 | 0 |
_aExplosives industry _xLicenses _zUnited States. |
|
| 655 | 7 |
_aElectronic books. _2local |
|
| 710 | 2 | _aebrary, Inc. | |
| 856 | 4 | 0 |
_uhttp://site.ebrary.com/lib/rucke/Doc?id=10041193 _zAn electronic book accessible through the World Wide Web; click to view |
| 999 |
_c61037 _d61037 |
||